Statistiques concernant Les Beech du CQFA

Cliquez ici pour prendre le quiz!

Statistiques générales

  • Ce quiz a été pris 8 fois
  • Le résultat moyen est 12 sur 14

Statistiques - réponses

HintRéponse% Correct
Pas grand chose à dire sur cet avion-làBQI
100%
Quand tu dis le mot golf trop souventGBG
100%
Après avoir volé cet avion-là, tu veux aller boire du whiskey à l'hôtelHUW
100%
Trois mots: Jean, Yves, ValléeJML
100%
C'était le meilleur, avant le crashLYC
100%
Un gars qui s'appelle Michaël et qui est québécoisMMQ
100%
ASHESHISHHSX
86%
Flaps électriques, mais sinon il vole bienRLY
86%
Le vieux de la vieilleTYN
86%
Tu peux pas faire de vrilles avec (criss)ZEV
86%
L'ident qui se dit le moins bienZSL
86%
Le petit nouveauGIQ
71%
L'avion à DanoPGN
71%
La grosse baleineUVN
71%

Distribution des résultats

Percentile par nombre de réponses

% des personnes avec chaque résultat

Votre développement - résultats

Vous n’avez pas pris ce quiz